Spanish football clubs in 1 minute - Statistics

General Stats
  • This quiz has been taken 197 times
  • The average score is 14 of 42
Answer Stats
Answer % Correct
Real Madrid
99%
FC Barcelona
97%
Atlético Madrid
89%
Sevilla FC
77%
Valencia
75%
Real Sociedad
68%
Betis
61%
Villarreal
59%
Bilbao
50%
Celta
47%
Deportivo
44%
Getafe
43%
Málaga
41%
RCD Espanyol
41%
Levante
36%
Girona
34%
Mallorca
34%
Cádiz
30%
Elche
29%
Granada
29%
Osasuna
29%
Zaragoza
29%
Eibar
27%
Leganés
26%
Alavés
25%
Almería
25%
Oviedo
24%
Valladolid
24%
Las Palmas
22%
Rayo Vallecano
21%
Sporting
21%
Tenerife
15%
Huesca
13%
Córdoba
10%
Albacete
7%
Alcorcón
6%
Numancia
6%
Lugo
4%
Gimnàstic
3%
Rayo de Majadahonda
1%
Reus
1%
Extremadura UD
0%
No matching quizzes found
Score Distribution
Percent of People with Each Score
Percentile by Number Answered
Your Score History
You have not taken this quiz